书目信息 |
| 题名: |
广播电视艺术学通论
|
|
| 作者: | 张凤铸 , 施旭升 主编 | |
| 分册: | ||
| 出版信息: | 北京 中国传媒大学出版社 2011.5 |
|
| 页数: | 313页 | |
| 开本: | 24cm | |
| 丛书名: | 广播电视艺术学丛书 | |
| 单 册: | ||
| 中图分类: | G220 | |
| 科图分类: | ||
| 主题词: | 广播电视--艺术学 , 广播电视 , 艺术学 | |
| 电子资源: | ||
| ISBN: | 978-7-81127-947-4 | |
| 000 | 01100oam2 2200301 45 | |
| 001 | 1359703093 | |
| 005 | 20130529084105.48 | |
| 010 | @a978-7-81127-947-4@dCNY45.00 | |
| 100 | @a20130513d2011 em y0chiy50 ea | |
| 101 | 0 | @achi |
| 102 | @aCN@b110000 | |
| 105 | @aa z 000yy | |
| 106 | @ar | |
| 200 | 1 | @a广播电视艺术学通论@AGuang Bo Dian Shi Yi Shu Xue Tong Lun@f张凤铸,施旭升主编@FZhang Feng Zhu, Shi Xu Sheng Zhu Bian |
| 210 | @a北京@c中国传媒大学出版社@d2011.5 | |
| 215 | @a313页@c图@d24cm | |
| 225 | 2 | @a广播电视艺术学丛书 |
| 300 | @a中国传媒大学“211二期工程”重点科研项目 广播电视艺术学学科体系课题子项目之一 | |
| 330 | @a本书是一本关于广播电视艺术学的基本理论著作,书中对广播电视艺术学的研究对象与研究内容进行了准确界定,研究分析广播电视艺术的构成要素、功能及其属性。 | |
| 461 | 0 | @12001 @a广播电视艺术学丛书 |
| 606 | 0 | @a广播电视@x艺术学 |
| 606 | 0 | @a广播电视 |
| 606 | 0 | @a艺术学 |
| 690 | @aG220@v5 | |
| 701 | 0 | @a张凤铸@AZhang Feng Zhu@f(1936-)@4主编 |
| 701 | 0 | @a施旭升@AShi Xu Sheng@4主编 |
| 801 | @aCN@bTANGWEI@c20130522 | |
| 905 | @b0833362-65@dG220@e143@f4 | |
| 广播电视艺术学通论/张凤铸,施旭升主编.-北京:中国传媒大学出版社,2011.5 |
| 313页:图;24cm.-(广播电视艺术学丛书) |
| 中国传媒大学“211二期工程”重点科研项目 广播电视艺术学学科体系课题子项目之一 |
| ISBN 978-7-81127-947-4:CNY45.00 |
| 本书是一本关于广播电视艺术学的基本理论著作,书中对广播电视艺术学的研究对象与研究内容进行了准确界定,研究分析广播电视艺术的构成要素、功能及其属性。 |
| ● |
| 相关链接 |
|
|
|
|
正题名:广播电视艺术学通论
索取号:G220/143
 
预约/预借
| 序号 | 登录号 | 条形码 | 馆藏地/架位号 | 状态 | 备注 |
| 1 | 0833362 | 208333622 | 第一样本阅览室/ [索取号:G220/143] | 在馆 | |
| 2 | 0833363 | 208333631 | 教育系资料室/ [索取号:G220/143] | 在馆 | |
| 3 | 0833364 | 208333640 | 教育系资料室/ [索取号:G220/143] | 在馆 | |
| 4 | 0833365 | 208333659 | 第四借阅区/ [索取号:G220/143] | 在馆 |